000 00212as aa2200097a 44500
090 _aSERIADAS
_b01266
245 1 0 _aCalypso log
260 _bCousteau Society
_aEstados Unidos
041 0 _aInglés
942 _cREVISTA
999 _c16789
_d16789